Statistics for Translate these Dutch Words related to JetPunk

Click here to take the quiz!

General Stats

  • This quiz has been taken 20 times
  • The average score is 11 of 18

Answer Stats

HintAnswer% Correct
FotoPhoto
100%
QuizQuiz
100%
ProfielProfile
90%
LevelLevel
89%
WereldWorld
89%
WoordWord
88%
LandCountry
86%
ZeeSea
83%
HoofdstadCapital
80%
BlogBlog
78%
VlagFlag
75%
SpelletjeGame
75%
EilandIsland
75%
KaartMap
75%
VriendenFriends
71%
GeschiedenisHistory
71%
SongtekstLyric
71%
WillekeurigRandom
67%
VertalenTranslate
67%
StaatState
63%
WerelddeelContinent
60%
FeitjesFacts
60%
GebruikerUser
60%
TaalLanguage
57%
GeweldigAmazing
56%
AntwoordenAnswers
50%
StadCity
50%
AardrijkskundeGeography
50%
NominerenNominate
50%
PuntenPoints
50%
VragenQuestions
50%
WoordzoekerWord search
50%
KennisKnowledge
43%
GemiddeldAverage
40%
OpgevenGive up
40%
BevolkingPopulation
40%
StatistiekenStats
40%
AbonnerenSubscribe
33%
Geel vakjeYellow box
29%
GrensBorder
25%
BeoordelenRate
22%
VormShape
17%
AanwijzingenClues
0%
ReagerenComment
0%
BijwerkenEdit
0%

Score Distribution

Percentile by Number Answered

Percent of People with Each Score

Your Score History

You have not taken this quiz